01098nam a2200241Ia 4500001000600000003000900006008004100015040001300056040001300069041001200082100002100094100002900115245001800144245003100162250001100193260001400204260001700218260004900235300005700284500044100341650004300782650003100825F0109IT-RoPAU130308s9999 xx 000 0 und d aIT-RoPAU cIT-RoPAU aINGLESE aMeyrowitz Joshua gCodice Aut. SPICS: 39001 aMedium Theory bCommunication Theory today a1a ed. aCAMBRIDGE bPolity Press c1994 [1° Ed.:1994 - Ed.Ling.Originale:1994] a"28 p. (prefazione: no ; testo: 28 [pagine: 50-77])" aTeoria del Mezzo. Teorici del mezzo della Prima Generazione. Storia della Civilizzazione Dalla Prospettiva della Teoria del mezzo (Culture Orali, Scrittura, Cultura della Stampa, Cultura Elettronica). Teoria dell'Informazione: seconda Generazione della Teoria del Mezzo. tre fasi dei ruoli Sociali: concezioni Orali, Letterarie, Elettroniche dell'Identità€ di Gruppo, Socializzazione e Gerarchia. forza e Limiti della Teoria del Mezzo. aSOCIOLOGIA DELLA COMUNICAZIONE SOCIALE eCodice materia Spics: 3806